| 000 | 00702nam a2200229Ia 4500 | ||
|---|---|---|---|
| 005 | 20241129120122.0 | ||
| 008 | 241129s9999||||xx |||||||||||||| ||und|| | ||
| 020 | _a9781032725963 | ||
| 037 | _aTB | ||
| 040 |
_aSDCL _beng _cSDCL |
||
| 041 |
_aeng _2eng |
||
| 084 |
_aV4497'P, R1 _qSDCL |
||
| 100 |
_aFewkes Jacqueline Ed.; Sijapati Megan Adamson Ed. _9729189 |
||
| 245 | 0 | _aMuslim communities and cultures of the himalayas: Conceptualizing the global ummah | |
| 260 |
_aLondon _bRoutledge _c2021 |
||
| 300 | _axiv,167p. | ||
| 365 |
_aINR _b1195 |
||
| 490 | _aRoutledge South Asian religion series | ||
| 650 | _aHistory | ||
| 942 |
_cTB _hV4497'P, R1 |
||
| 999 |
_c1233422 _d1233422 |
||